000 00308nam a2200133Ia 4500
008 100328s9999 xx 000 0 und d
082 _b66823
100 _aChinoy Mithi.
245 _aThe Wizard Of Oz.
260 _bSheth.
630 _aThe Wizard Of Oz.
730 _aThe Wizard Of Oz.
942 _cBOOK
999 _c552562
_d552559